| 000 | 00602nam a2200193 i 4500 | ||
|---|---|---|---|
| 001 | 79349 | ||
| 003 | ES-MaACL | ||
| 005 | 20230906173946.0 | ||
| 007 | t| | ||
| 008 | 041021s1972 fr ||||1| spa d | ||
| 100 | 1 |
_aHermet, Guy. _962749 |
|
| 245 | 1 | 4 |
_aLos comunistas en España _b: estudio de un movimiento político clandestino / _cGuy Hermet. |
| 260 |
_a[Paris] : _bRuedo Ibérico, _c[1972] |
||
| 300 |
_a208 p. ; _c25 cm. |
||
| 610 | 2 | 4 |
_aPartido Comunista de España. _96135 |
| 650 | 0 | 0 |
_aComunismo- _zEspaña. _911217 |
| 710 | 2 |
_aÉditions Ruedo ibérico. _9145333 |
|
| 852 |
_aES-MaACL _jL-3324 |
||
| 999 |
_c79349 _d79349 |
||